Online
Catalog

Obra poética / (Record no. 17592)

MARC details
000 -CABECERA
campo de control de longitud fija 00933cam a2200241 a 4500
001 - NÚMERO DE CONTROL
campo de control 000018070
005 - FECHA Y HORA DE LA ÚLTIMA TRANSACCIÓN
campo de control 20200929165336.0
008 - DATOS DE LONGITUD FIJA--INFORMACIÓN GENERAL
campo de control de longitud fija 050815s1961 pr 000 p spa d
040 ## - FUENTE DE LA CATALOGACIÓN
Centro catalogador/agencia de origen DO-SdBNP
Lengua de catalogación spa
Centro/agencia transcriptor BNPHU
082 ## - NÚMERO DE LA CLASIFICACIÓN DECIMAL DEWEY
Número de clasificación PR861.44
Número de documento/Ítem B957o
100 1# - ENTRADA PRINCIPAL--NOMBRE DE PERSONA
Nombre de persona Burgos, Julia de,
Fechas asociadas al nombre 1914-1953
9 (RLIN) 14090
245 10 - MENCIÓN DE TÍTULO
Título Obra poética /
Mención de responsabilidad, etc. Julia de Burgos ; recopilación de Consuelo Burgos y Juan Bautista Pagan ; estudio preliminar de José Emilio González.
260 ## - PUBLICACIÓN, DISTRIBUCIÓN, ETC.
Lugar de publicación, distribución, etc. San Juan, Puerto Rico :
Nombre del editor, distribuidor, etc. Coquí,
Fecha de publicación, distribución, etc. 1961.
300 ## - DESCRIPCIÓN FÍSICA
Extensión 332 p. ;
Dimensiones 23 cm.
500 ## - NOTA GENERAL
Nota general Edición especial para Cutultural Puertorriqueña
504 ## - NOTA DE BIBLIOGRAFÍA, ETC.
Nota de bibliografía, etc. Bibliografía p. 333-338
650 #4 - PUNTO DE ACCESO ADICIONAL DE MATERIA--TÉRMINO DE MATERIA
Término de materia o nombre geográfico como elemento de entrada Poesía puertorriqueña
Subdivisión general Colecciones
9 (RLIN) 8932
650 #4 - PUNTO DE ACCESO ADICIONAL DE MATERIA--TÉRMINO DE MATERIA
Término de materia o nombre geográfico como elemento de entrada Literatura puertorriqueña
9 (RLIN) 250
700 12 - PUNTO DE ACCESO ADICIONAL--NOMBRE DE PERSONA
Nombre de persona Burgos, Consuelo.
Término indicativo de función/relación comp.
9 (RLIN) 39161
700 12 - PUNTO DE ACCESO ADICIONAL--NOMBRE DE PERSONA
Nombre de persona Bautista Pagan, Juan.
Término indicativo de función/relación comp.
9 (RLIN) 39162
700 12 - PUNTO DE ACCESO ADICIONAL--NOMBRE DE PERSONA
Nombre de persona González, José Emilio.
9 (RLIN) 3523
910 ## - DATOS DE OPCIÓN DEL USUARIO (OCLC)
Datos de opción del usuario Validado. Control de calidad MFF
Holdings
Estado de retiro Estado de pérdida Restricciones de uso No para préstamo Código de colección Localización permanente Ubicación/localización actual Ubicación en estantería Fecha de adquisición Número de inventario Total de préstamos Signatura topográfica completa Código de barras Fecha visto por última vez Precio válido a partir de Tipo de ítem Koha
        Monografías: Libros y Folletos General General Depósito 13.04.2010 LF1   PR861.44 B957ó 18070-10 25.06.2020 25.06.2020 Préstamo en sala

Powered by Koha